ARRUPE JESUIT UNIVERSITY

CORONAVIRUS -STOP THE SPREAD - CLEAN,DISINFECT,COVER

The philosophy of the Enlightenment; (Record no. 60271)

MARC details
000 -LEADER
fixed length control field 00893cam a2200265 4500
001 - CONTROL NUMBER
control field 1715342
003 - CONTROL NUMBER IDENTIFIER
control field ARRUPE
005 - DATE AND TIME OF LATEST TRANSACTION
control field 20170718123737.0
008 - FIXED-LENGTH DATA ELEMENTS--GENERAL INFORMATION
fixed length control field 740301s1973 mau 001 0 eng
010 ## - LIBRARY OF CONGRESS CONTROL NUMBER
LC control number 72013709
020 ## - INTERNATIONAL STANDARD BOOK NUMBER
International Standard Book Number 026207060X
040 ## - CATALOGING SOURCE
Original cataloging agency DLC
Transcribing agency DLC
Modifying agency DLC
041 1# - LANGUAGE CODE
Language code of text/sound track or separate title engger
050 00 - LIBRARY OF CONGRESS CALL NUMBER
Classification number B802
Item number .G5813 1973b
082 00 - DEWEY DECIMAL CLASSIFICATION NUMBER
Classification number 190/.9/033
300 ## - PHYSICAL DESCRIPTION
Dimensions 23 cm.
100 1# - MAIN ENTRY--PERSONAL NAME
Personal name Goldmann, Lucien.
9 (RLIN) 33196
240 10 - UNIFORM TITLE
Uniform title <a href="Christliche Bürger und die Aufklärung.">Christliche Bürger und die Aufklärung.</a>
Language of a work English
245 14 - TITLE STATEMENT
Title The philosophy of the Enlightenment;
Remainder of title the Christian burgess and the Enlightenment.
Statement of responsibility, etc Translated by Henry Maas.
260 ## - PUBLICATION, DISTRIBUTION, ETC. (IMPRINT)
Place of publication, distribution, etc Cambridge, Mass.,
Name of publisher, distributor, etc MIT Press
Date of publication, distribution, etc [1973]
300 ## - PHYSICAL DESCRIPTION
Extent ix, 100 p.
350 ## - PRICE (NR) (BK AM CF MU VM SE) [OBSOLETE]
Price $4.95
500 ## - GENERAL NOTE
General note Translation of Der christliche Bürger und die Aufklärung.
650 #0 - SUBJECT ADDED ENTRY--TOPICAL TERM
Topical term or geographic name as entry element Enlightenment.
9 (RLIN) 33197
906 ## - LOCAL DATA ELEMENT F, LDF (RLIN)
a 7
b cbc
c orignew
d 2
e ocip
f 19
g y-gencatlg
942 ## - ADDED ENTRY ELEMENTS (KOHA)
Source of classification or shelving scheme Library of Congress Classification
Koha item type Monograph ( Printed materials)
Holdings
Withdrawn status Lost status Source of classification or shelving scheme Damaged status Not for loan Collection code Home library Current library Shelving location Date acquired Total Checkouts Full call number Barcode Date last seen Date checked out Copy number Price effective from Koha item type
    Library of Congress Classification     Main Collection ARRUPE LIBRARY ARRUPE LIBRARY   05/03/2013 3 B802.G5813 1973 46003092288 12/11/2015 04/11/2015 1 05/03/2013 Monograph ( Printed materials)

 

Arrupe Library. PO Box MP320 Mt Pleasant, Harare, Zimbabwe
263 242 745411|librarian@aju.ac.zw